| 000 | 00523nam a2200157 a 4500 | ||
|---|---|---|---|
| 001 | 000031133 | ||
| 005 | 20200930062727.0 | ||
| 008 | 110614s2004 dr acd 000 0 spa d | ||
| 040 |
_aDO-SdBNP _bspa _cBNPHU |
||
| 110 | 1 |
_aFandación de Apoyo al Suroeste _957607 |
|
| 245 | 1 | 0 |
_aMemoria anual 2004 / _cEduardo Félix Luperón...[et. al]. |
| 260 |
_a[Santo Domingo] : _bFAS, _c[2004]. _fEditora Amigo del Hogar |
||
| 300 |
_a59 p. : _bil., gráf., retrs. ; _c28 cm. |
||
| 700 | 1 |
_aLuperón, Eduardo Félix _957608 |
|
| 049 | _aBNPD | ||
| 999 |
_c30625 _d30625 |
||